00717nam a2200157Ia 4500008004100000020001500041050001200056100004000068245012300108260004700231300003500278500006400313505013300377650002700510650002200537120626s1992 mx a 000 0 spa d a9681843746 aP93 T67 aTorre y Rizo Guillermo de laeautor aEl lenguaje de los símbolos gráficosb: Introducción a la comunicación visual c/ Guillermo de la Torre y Rizo aMéxicob: Grupo Noriega Editoresc, 1992 a130 páginasb: ilustraciones aIncluye: Contenido, Introducción, Proemio, Bibliografía aHistoria analítica de la simbología gráfica Bases de la semiótica general La semántica La sintáctica La pragmática 0aCOMUNICACIÓN VISUAL  0aSIGNOS Y SIMBOLOS